Paroles de Requiem pour un fou' de Johnny Hallyday - Statistiques

Statistiques générales
  • Ce quiz a été pris 1 341 fois
  • Le résultat moyen est 194 sur 236
Statistiques - réponses
Paroles % Correct
Je
99%
je
99%
un
98%
Un
98%
à
97%
A
97%
a
97%
de
97%
fou,
97%
fou
97%
ne
97%
pas
96%
Que
96%
que
96%
ce
95%
elle
95%
Elle
95%
fait
95%
la
95%
La
95%
ma
95%
Ma
95%
d'amour
94%
d'amour,
94%
qui
94%
qu'un
94%
vous
94%
Et
93%
et
93%
moi
93%
ou
93%
se
93%
Le
92%
le
92%
sa
92%
tue
92%
amour
91%
me
91%
pour
91%
par
90%
celui
88%
flic
88%
l'ai
88%
soyez
88%
préviens
87%
suis
87%
vie
87%
ferai
86%
mais
86%
mon
86%
Mon
86%
n'approchez
86%
son
86%
sans
85%
cadeaux
84%
il
84%
garder
83%
ses
83%
tuée
83%
ces
82%
coeur
82%
Les
82%
les
82%
n'étais
82%
corps
80%
tous
80%
bouche
77%
yeux
77%
grand
76%
nuit
76%
toujours
76%
vos
76%
projecteurs
75%
c'était
74%
est
74%
plus
74%
tant
74%
Éteignez
73%
fusils
73%
qu'il
73%
Qu'il
73%
donnerai
72%
faire
72%
l'aimais
72%
vais
72%
âme
71%
n'est
71%
Si
71%
baissez
70%
braqués
70%
cette
70%
faut
70%
ils
69%
Non
69%
aux
68%
ciel
67%
pendre
67%
quoi
67%
vendre
67%
aillent
66%
diable
66%
Dites
66%
dites
66%
heure
66%
passé
66%
Vive
66%
badaud
65%
bonne
65%
jour
65%
l'aube,
65%
curés,
64%
pasteurs
63%
C'est
62%
laissez
62%
lève,
62%
matin
62%
m'envoler
62%
ont
62%
chiens
61%
mourir
61%
Qu'ailleurs
59%
servirait
59%
faim
58%
meure
57%
veux
55%
bête
54%
doit
54%
l'heure
54%
sonner
54%
prêt
52%
ouvrir
51%
volets
51%
chasseurs
48%
pâlit
48%
m'endormir
42%
Près
38%
Crevez
37%
d'elle
37%
l'hallali
30%
Aucun quiz correspondant
Distribution des résultats
% des personnes avec chaque résultat
Percentile par nombre de réponses
Votre historique - résultats
Vous n’avez pas pris ce quiz